[Event "Moscow op-F 15th"]
[Site "Moscow"]
[Date "2019.02.01"]
[Round "8"]
[White "Derevianchenko, Ilia"]
[Black "Volobuev, Vladimir"]
[Result "1-0"]
[WhiteElo "2339"]
[BlackElo "1954"]
[PlyCount "71"]
[EventDate "2019.01.25"]
[EventType "swiss"]
[EventRounds "9"]
[EventCountry "RUS"]
[SourceTitle "CBM 188 Extra"]
[Source "ChessBase"]
[SourceDate "2019.02.28"]
[SourceVersion "1"]
[SourceVersionDate "2019.02.28"]
[SourceQuality "1"]

1. Nf3 Nf6 2. c4 g6 3. Nc3 d5 4. d4 Bg7 5. Bf4 0-0 6. e3 c6 7. Qb3 Qa5 8. Be2 dxc4 9. Bxc4 b5 10. Be2 Nd5 11. Be5 Be6 12. Qc2 Na6 13. 0-0 Nxc3 14. bxc3 f6 15. Bg3 Nc7 16. e4 a6 17. c4 Rac8 18. a4 b4 19. Nd2 Qb6 20. c5 Qb7 21. Bc4 Bxc4 22. Qxc4+ Kh8 23. Nb3 f5 24. Na5 Qa8 25. f3 f4 26. Bf2 e5 27. Rab1 Rfe8 28. Rxb4 Ne6 29. d5 cxd5 30. exd5 Nd4 31. Rfb1 Qa7 32. c6 Qe7 33. Rb7 Rc7 34. Qb4 Qd8 35. Rxc7 Qxc7 36. d6 1-0

[Event "Moscow op-F 14th"]
[Site "Moscow"]
[Date "2018.02.03"]
[Round "9"]
[White "Khangueva, Ayana"]
[Black "Derevianchenko, Ilia"]
[Result "0-1"]
[WhiteElo "2140"]
[BlackElo "2282"]
[PlyCount "54"]
[EventDate "2018.01.26"]
[EventType "swiss"]
[EventRounds "9"]
[EventCountry "RUS"]
[SourceTitle "CBM 182 Extra"]
[Source "ChessBase"]
[SourceDate "2018.02.23"]
[SourceVersion "1"]
[SourceVersionDate "2018.02.23"]
[SourceQuality "1"]

1. d4 Nf6 2. c4 e6 3. Nc3 Bb4 4. e3 0-0 5. Nge2 d5 6. a3 Be7 7. Ng3 c5 8. Bd3 dxc4 9. Bxc4 a6 10. Bd3 cxd4 11. exd4 Nc6 12. Nce2 b5 13. b4 Qd5 14. 0-0 Bb7 15. Be3 Rfd8 16. Nf4 Qd7 17. d5 exd5 18. Nf5 d4 19. Nxg7 dxe3 20. Ngh5 Ne5 21. Nxf6+ Bxf6 22. Nh5 Bh8 23. fxe3 Qxd3 24. Qe1 Ng6 25. Qf2 Rd7 26. Rac1 Re8 27. e4 Bd4 0-1

[Event "Moscow op-F 14th"]
[Site "Moscow"]
[Date "2018.01.28"]
[Round "3"]
[White "Arutyunova, Asya"]
[Black "Derevianchenko, Ilia"]
[Result "0-1"]
[WhiteElo "2115"]
[BlackElo "2282"]
[PlyCount "98"]
[EventDate "2018.01.26"]
[EventType "swiss"]
[EventRounds "9"]
[EventCountry "RUS"]
[SourceTitle "CBM 182 Extra"]
[Source "ChessBase"]
[SourceDate "2018.02.23"]
[SourceVersion "1"]
[SourceVersionDate "2018.02.23"]
[SourceQuality "1"]

1. Nf3 g6 2. g3 Bg7 3. Bg2 e5 4. d3 Nc6 5. e4 Nge7 6. 0-0 d5 7. c3 0-0 8. Nh4 dxe4 9. dxe4 Qxd1 10. Rxd1 Bg4 11. Re1 a5 12. Na3 Rfd8 13. Be3 Nc8 14. h3 Be6 15. Nb5 Rd7 16. Red1 Rxd1+ 17. Rxd1 Bxa2 18. Ra1 Bb3 19. Nxc7 Rb8 20. Nf3 Nd6 21. Nd2 Bc2 22. Bb6 Bh6 23. Nd5 Bxd2 24. Bc7 Nc4 25. Bxb8 Nxb8 26. Bf1 b5 27. Bxc4 bxc4 28. Rxa5 Nd7 29. Ra7 Nc5 30. Rc7 Nxe4 31. Rxc4 f5 32. Rc7 Be1 33. f3 Nxg3 34. Nf6+ Kf8 35. Rd7 Nh5 36. Nxh5 gxh5 37. Kf1 Bg3 38. b4 Ba4 39. Rc7 Bd1 40. Kg2 h4 41. Rd7 Be2 42. Rd5 Ke7 43. b5 Ke6 44. Rc5 e4 45. fxe4 fxe4 46. Rc6+ Ke7 47. Kg1 Bxb5 48. Rh6 e3 49. Rxh7+ Kf8 0-1

[Event "Tula Suetin Memorial"]
[Site "Tula"]
[Date "2018.01.09"]
[Round "9"]
[White "Karpov, Alexander"]
[Black "Derevianchenko, Ilia"]
[Result "0-1"]
[WhiteElo "2216"]
[BlackElo "2282"]
[PlyCount "30"]
[EventDate "2018.01.03"]
[EventType "tourn"]
[EventRounds "9"]
[EventCountry "RUS"]
[SourceTitle "CBM 182 Extra"]
[Source "ChessBase"]
[SourceDate "2018.02.23"]
[SourceVersion "1"]
[SourceVersionDate "2018.02.23"]
[SourceQuality "1"]

1. e4 e5 2. Nf3 Nc6 3. Bc4 Nf6 4. Ng5 d5 5. exd5 Na5 6. Bb5+ c6 7. dxc6 bxc6 8. Be2 h6 9. Nf3 e4 10. Ne5 Bc5 11. Nc3 Qd4 12. 0-0 Qxe5 13. b3 0-0 14. Bb2 Qg5 15. Na4 Bh3 0-1

[Event "Tula Suetin Memorial"]
[Site "Tula"]
[Date "2018.01.08"]
[Round "8"]
[White "Derevianchenko, Ilia"]
[Black "Bykov, Oleg1"]
[Result "1/2-1/2"]
[WhiteElo "2282"]
[BlackElo "2327"]
[PlyCount "136"]
[EventDate "2018.01.03"]
[EventType "tourn"]
[EventRounds "9"]
[EventCountry "RUS"]
[SourceTitle "CBM 182 Extra"]
[Source "ChessBase"]
[SourceDate "2018.02.23"]
[SourceVersion "1"]
[SourceVersionDate "2018.02.23"]
[SourceQuality "1"]

1. e4 e6 2. d4 d5 3. Nd2 Nf6 4. e5 Nfd7 5. Bd3 c5 6. c3 Nc6 7. Ne2 cxd4 8. cxd4 f6 9. exf6 Nxf6 10. 0-0 Bd6 11. Nf3 Qc7 12. Nc3 a6 13. Bg5 0-0 14. Rc1 b5 15. Bb1 Bd7 16. Re1 b4 17. Ne2 g6 18. Ng3 Bf4 19. Rc5 Bxg5 20. Nxg5 Qd6 21. Qd3 Ne7 22. Nf3 Rac8 23. Rec1 Bb5 24. Qd2 Nd7 25. Rxc8 Rxc8 26. Rxc8+ Nxc8 27. h4 b3 28. axb3 Qf8 29. h5 Ne7 30. hxg6 hxg6 31. Bd3 Nf5 32. Nxf5 exf5 33. Bxb5 axb5 34. Qe2 Nf6 35. Qxb5 Qc8 36. Qc5 Qa6 37. Qe7 Ng4 38. Qd8+ Kg7 39. Qc7+ Kg8 40. Qc1 Qb7 41. Qg5 Qa6 42. Qd2 Qa1+ 43. Ne1 Nf6 44. f3 Nh5 45. Kf2 f4 46. b4 Qa6 47. Qe2 Qb6 48. Qe8+ Kh7 49. Qe7+ Kh6 50. Qf8+ Kh7 51. Qc5 Qe6 52. Qc7+ Kg8 53. Qe5 Qc6 54. Kf1 Qc4+ 55. Kf2 Kf7 56. Kg1 Kg8 57. Qe8+ Kh7 58. Qe7+ Kh6 59. Qf8+ Kh7 60. Qe7+ Kh6 61. Qe5 Kh7 62. g4 Ng3 63. Kh2 Qf1 64. Qxf4 Qh1+ 65. Kxg3 Qxe1+ 66. Kh3 Qf1+ 67. Kh4 Qh1+ 68. Kg3 Qg1+ 1/2-1/2

[Event "Tula Suetin Memorial"]
[Site "Tula"]
[Date "2018.01.07"]
[Round "7"]
[White "Moiseenko, Vladimir"]
[Black "Derevianchenko, Ilia"]
[Result "0-1"]
[WhiteElo "2294"]
[BlackElo "2282"]
[PlyCount "56"]
[EventDate "2018.01.03"]
[EventType "tourn"]
[EventRounds "9"]
[EventCountry "RUS"]
[SourceTitle "CBM 182 Extra"]
[Source "ChessBase"]
[SourceDate "2018.02.23"]
[SourceVersion "1"]
[SourceVersionDate "2018.02.23"]
[SourceQuality "1"]

1. d4 Nf6 2. c4 e6 3. g3 c5 4. d5 exd5 5. cxd5 b5 6. Bg2 Bb7 7. Nh3 d6 8. 0-0 Nbd7 9. Nc3 b4 10. Ne4 Nxe4 11. Bxe4 g6 12. a3 a5 13. Bg5 f6 14. Qc2 Bg7 15. Bxg6+ hxg6 16. Qxg6+ Kf8 17. Nf4 Qe7 18. Qf5 Ne5 19. Ne6+ Kg8 20. Nxg7 Kxg7 21. Bd2 Bxd5 22. axb4 axb4 23. Rxa8 Bxa8 24. h4 Qf7 25. Ra1 Bb7 26. Bf4 Qd5 27. Qh3 f5 28. h5 Rxh5 0-1

[Event "Tula Suetin Memorial"]
[Site "Tula"]
[Date "2018.01.04"]
[Round "2"]
[White "Derevianchenko, Ilia"]
[Black "Kostin, Alexey"]
[Result "0-1"]
[WhiteElo "2282"]
[BlackElo "2282"]
[PlyCount "72"]
[EventDate "2018.01.03"]
[EventType "tourn"]
[EventRounds "9"]
[EventCountry "RUS"]
[SourceTitle "CBM 182 Extra"]
[Source "ChessBase"]
[SourceDate "2018.02.23"]
[SourceVersion "1"]
[SourceVersionDate "2018.02.23"]
[SourceQuality "1"]

1. e4 c5 2. Nc3 e6 3. Nge2 Nc6 4. g3 d5 5. exd5 exd5 6. Bg2 Nf6 7. d4 cxd4 8. Nxd4 Bb4 9. 0-0 0-0 10. Nce2 Qb6 11. c3 Be7 12. h3 Bd7 13. Nb3 Ne5 14. Nf4 Bc6 15. Re1 Qc7 16. Nd4 Rfe8 17. Qb3 Bc5 18. Rd1 Rad8 19. Qc2 Nc4 20. b3 Nd6 21. Nd3 Bxd4 22. cxd4 Nde4 23. Bf4 Qb6 24. Nc5 Bb5 25. Re1 Rc8 26. Rac1 h6 27. Be3 Qd8 28. Qb2 b6 29. Nxe4 Nxe4 30. Rxc8 Qxc8 31. Rc1 Qf5 32. Rc7 Nxg3 33. a4 Ne2+ 34. Kh2 Bd3 35. Qd2 Qg6 36. Rxa7 Be4 0-1

[Event "RUS Central Region-chT"]
[Site "Lipetsk"]
[Date "2017.12.03"]
[Round "1.4"]
[White "Derevianchenko, Ilia"]
[Black "Afonasieva, Anna"]
[Result "1/2-1/2"]
[WhiteElo "2310"]
[BlackElo "2176"]
[PlyCount "120"]
[EventDate "2017.12.03"]
[EventType "team-swiss"]
[EventRounds "7"]
[EventCountry "RUS"]
[SourceTitle "CBM 182 Extra"]
[Source "ChessBase"]
[SourceDate "2018.02.23"]
[SourceVersion "1"]
[SourceVersionDate "2018.02.23"]
[SourceQuality "1"]
[WhiteTeam "Kursk Region"]
[BlackTeam "SDU SOR Region "]
[WhiteTeamCountry "RUS"]
[BlackTeamCountry "RUS"]

1. e4 c5 2. Nf3 d6 3. Nc3 Nc6 4. g3 g6 5. Bg2 Bg7 6. 0-0 e6 7. d3 Nge7 8. Be3 0-0 9. Qd2 Nd4 10. Bh6 Nec6 11. Ne1 Rb8 12. Bxg7 Kxg7 13. f4 b5 14. Nd1 Ne7 15. Ne3 f5 16. c3 Ndc6 17. Nf3 Bd7 18. Nh4 Qb6 19. Kh1 b4 20. Rf2 a5 21. g4 a4 22. Rg1 Kh8 23. gxf5 exf5 24. exf5 Nxf5 25. Nhxf5 Bxf5 26. Nxf5 gxf5 27. Re2 Rg8 28. Qe1 a3 29. cxb4 axb2 30. Rxb2 cxb4 31. Re2 Rbc8 32. Rc2 Nd4 33. Rc4 Rxc4 34. dxc4 Qc7 35. Bd5 Rxg1+ 36. Qxg1 Qg7 37. Qe1 h6 38. Qxb4 Ne2 39. Qb8+ Kh7 40. Qb7 Nxf4 41. a4 Nd3 42. Qxg7+ Kxg7 43. a5 Nc5 44. Bb7 Kf6 45. a6 Nxa6 46. Bxa6 Ke5 47. Bb7 Kd4 48. Bd5 Ke3 49. Kg2 f4 50. Kh3 f3 51. Kg4 f2 52. Bg2 Kd4 53. Bf1 d5 54. c5 Kxc5 55. Kf3 Kd6 56. Kxf2 Ke6 57. Kg3 Kf6 58. Kg4 Kg6 59. Bd3+ Kg7 60. Kh5 d4 1/2-1/2

[Event "RUS-chT2"]
[Site "Sochi"]
[Date "2016.05.10"]
[Round "9.8"]
[White "Natacheev, Peter"]
[Black "Derevianchenko, Ilia"]
[Result "1-0"]
[WhiteElo "2361"]
[BlackElo "2308"]
[PlyCount "81"]
[EventDate "2016.05.01"]
[EventType "team-swiss"]
[EventRounds "9"]
[EventCountry "RUS"]
[SourceTitle "EXT 2018"]
[Source "ChessBase"]
[SourceDate "2017.10.13"]
[SourceVersion "1"]
[SourceVersionDate "2017.10.13"]
[SourceQuality "1"]
[WhiteTeam "Samara Zhiguli II"]
[BlackTeam "Kursk YuZGU"]
[WhiteTeamCountry "RUS"]
[BlackTeamCountry "RUS"]

1. e4 e5 2. Nf3 d6 3. d4 exd4 4. Nxd4 Nf6 5. Nc3 Be7 6. Bc4 0-0 7. 0-0 Nxe4 8. Nxe4 d5 9. Bd3 dxe4 10. Bxe4 Bf6 11. Be3 Re8 12. Qd3 g6 13. Rad1 Qe7 14. Bf3 Nd7 15. Bf4 Ne5 16. Bxe5 Qxe5 17. c3 c6 18. Qd2 Bg5 19. Qe1 Bd7 20. Qxe5 Rxe5 21. Rfe1 Rae8 22. Rxe5 Rxe5 23. h3 Bf6 24. g4 h5 25. Kg2 hxg4 26. Bxg4 Rd5 27. Bxd7 Rxd7 28. Rd2 Bxd4 29. Rxd4 Rxd4 30. cxd4 Kg7 31. Kf3 Kf6 32. Kf4 a5 33. a4 b5 34. d5 cxd5 35. axb5 Ke6 36. Ke3 Kd6 37. Kd4 g5 38. f4 f6 39. fxg5 fxg5 40. b3 Ke6 41. Kc5 1-0

[Event "RUS-chT2"]
[Site "Sochi"]
[Date "2016.05.03"]
[Round "3.11"]
[White "Potapov, Alexey"]
[Black "Derevianchenko, Ilia"]
[Result "1/2-1/2"]
[WhiteElo "2368"]
[BlackElo "2308"]
[PlyCount "121"]
[EventDate "2016.05.01"]
[EventType "team-swiss"]
[EventRounds "9"]
[EventCountry "RUS"]
[SourceTitle "EXT 2018"]
[Source "ChessBase"]
[SourceDate "2017.10.13"]
[SourceVersion "1"]
[SourceVersionDate "2017.10.13"]
[SourceQuality "1"]
[WhiteTeam "Desnogorsk Atom"]
[BlackTeam "Kursk YuZGU"]
[WhiteTeamCountry "RUS"]
[BlackTeamCountry "RUS"]

1. d4 Nf6 2. c4 e6 3. Nf3 b6 4. a3 Bb7 5. Nc3 d5 6. Bg5 Be7 7. e3 0-0 8. cxd5 exd5 9. Rc1 c5 10. dxc5 bxc5 11. Qb3 Qb6 12. Qxb6 axb6 13. Rd1 Rd8 14. Be2 Nbd7 15. 0-0 Nf8 16. Bh4 h6 17. h3 Ne6 18. Bg3 Rac8 19. Na4 Bc6 20. Nc3 d4 21. exd4 cxd4 22. Nb5 Nh5 23. Na7 Nxg3 24. fxg3 Rc7 25. Nxc6 Rxc6 26. Bd3 Bf6 27. Rfe1 Nc5 28. Kf2 Kf8 29. g4 Re6 30. Rd2 Rde8 31. g3 Re3 32. Red1 Nxd3+ 33. Rxd3 Re2+ 34. Kf1 Rxb2 35. Nxd4 g6 36. Nf3 Ree2 37. Nd2 Rh2 38. Kg1 Re2 39. Kf1 Re6 40. Kf2 Be7 41. Ra1 Bg5 42. Rd1 Rf6+ 43. Ke2 Ra2 44. h4 Re6+ 45. Kf3 Be7 46. Nc4 b5 47. R3d2 Rxd2 48. Nxd2 Bxa3 49. Ra1 Be7 50. Ra8+ Kg7 51. Rb8 b4 52. Rb7 f5 53. gxf5 gxf5 54. Nc4 Kg6 55. Rb5 Ra6 56. Kf4 Ra2 57. Ne5+ Kf6 58. Rb6+ Kg7 59. Kxf5 Rf2+ 60. Kg4 Rc2 61. Kf5 1/2-1/2

[Event "RUS-chT2"]
[Site "Sochi"]
[Date "2016.05.02"]
[Round "2.9"]
[White "Derevianchenko, Ilia"]
[Black "Sek, Konstantin"]
[Result "0-1"]
[WhiteElo "2308"]
[BlackElo "2450"]
[PlyCount "70"]
[EventDate "2016.05.01"]
[EventType "team-swiss"]
[EventRounds "9"]
[EventCountry "RUS"]
[SourceTitle "EXT 2018"]
[Source "ChessBase"]
[SourceDate "2017.10.13"]
[SourceVersion "1"]
[SourceVersionDate "2017.10.13"]
[SourceQuality "1"]
[WhiteTeam "Kursk YuZGU"]
[BlackTeam "Yuzhno Sakhalinsk"]
[WhiteTeamCountry "RUS"]
[BlackTeamCountry "RUS"]

1. c4 c5 2. g3 Nf6 3. Nc3 d5 4. cxd5 Nxd5 5. Bg2 Nc7 6. Qa4+ Bd7 7. Qc4 Nc6 8. Qxc5 Ne6 9. Qc4 Ned4 10. Kf1 Rc8 11. Nf3 Nxf3 12. Bxf3 Ne5 13. Qd5 Nxf3 14. Qxf3 Bc6 15. e4 g6 16. Kg2 Bg7 17. Rd1 0-0 18. d4 Bxd4 19. Bh6 Re8 20. Nd5 Bh8 21. Nf6+ exf6 22. Rxd8 Rcxd8 23. Re1 f5 24. Qa3 a6 25. Bg5 Rd4 26. Kg1 Bg7 27. f3 fxe4 28. fxe4 Bxe4 29. Qb3 h6 30. Be3 Bd5 31. Qb6 Rd3 32. Kf1 Re6 33. Qa7 Kh7 34. b3 Bc3 35. Re2 Bf3 0-1

[Event "Moscow op-A"]
[Site "Moscow"]
[Date "2016.02.04"]
[Round "6"]
[White "Tleptsok, Ruslan Aslanovich"]
[Black "Derevianchenko, Ilia"]
[Result "1/2-1/2"]
[WhiteElo "2156"]
[BlackElo "2316"]
[PlyCount "117"]
[EventDate "2016.01.30"]
[EventType "swiss"]
[EventRounds "9"]
[EventCountry "RUS"]
[SourceTitle "CBM 170 Extra"]
[Source "ChessBase"]
[SourceDate "2016.02.25"]
[SourceVersion "1"]
[SourceVersionDate "2016.02.25"]
[SourceQuality "1"]

1. d4 Nf6 2. e3 b6 3. f4 Bb7 4. Nf3 c5 5. c3 g6 6. Bd3 Bg7 7. 0-0 0-0 8. f5 d5 9. fxg6 fxg6 10. Nbd2 Qd6 11. Qe1 Nbd7 12. e4 dxe4 13. Nxe4 Nxe4 14. Bxe4 Bxe4 15. Qxe4 cxd4 16. cxd4 e5 17. Bg5 Rae8 18. Rae1 h6 19. dxe5 Nxe5 20. Nxe5 Rxe5 21. Rxf8+ Qxf8 22. Qc4+ Kh7 23. Rxe5 Bxe5 24. Bc1 Qd6 25. g3 h5 26. b3 a6 27. Be3 b5 28. Qf1 Qd5 29. Qg2 Qd1+ 30. Qf1 Qc2 31. Qf2 Qe4 32. Qf7+ Bg7 33. Qf2 Kg8 34. Qd2 Bf6 35. Qf2 Kg7 36. Bh6+ Kf7 37. Bg5 Qb1+ 38. Kg2 Qe4+ 39. Kg1 Qd4 40. Be3 Qd5 41. Qd2 Ke6 42. Qc2 g5 43. Qc8+ Kf7 44. Qxa6 h4 45. Qa7+ Kg6 46. gxh4 gxh4 47. Qc7 Qd3 48. Kf2 Qe4 49. Qf4 Qc2+ 50. Kf3 Qd1+ 51. Kg2 Qc2+ 52. Kh3 Kf7 53. a4 Qxb3 54. axb5 Qxb5 55. Qc7+ Kg6 56. Qc2+ Kg7 57. Qc7+ Kf8 58. Qc5+ Qxc5 59. Bxc5+ 1/2-1/2

[Event "Moscow op-A"]
[Site "Moscow"]
[Date "2016.01.30"]
[Round "1"]
[White "Derevianchenko, Ilia"]
[Black "Alekseenko, Kirill"]
[Result "0-1"]
[WhiteElo "2316"]
[BlackElo "2560"]
[PlyCount "70"]
[EventDate "2016.01.30"]
[EventType "swiss"]
[EventRounds "9"]
[EventCountry "RUS"]
[SourceTitle "CBM 170 Extra"]
[Source "ChessBase"]
[SourceDate "2016.02.25"]
[SourceVersion "1"]
[SourceVersionDate "2016.02.25"]
[SourceQuality "1"]

1. e4 c5 2. Nf3 d6 3. d4 cxd4 4. Nxd4 Nf6 5. Nc3 Nc6 6. g3 g6 7. Bg2 Nxd4 8. Qxd4 Bg7 9. 0-0 0-0 10. h3 Be6 11. Qe3 Qc7 12. Nd5 Qxc2 13. Nxe7+ Kh8 14. Nd5 Nxd5 15. exd5 Bf5 16. Re1 Be5 17. g4 Bd7 18. Re2 Qd1+ 19. Re1 Qa4 20. b3 Qa6 21. Bd2 Rac8 22. a4 f5 23. gxf5 Bxf5 24. Rac1 Qd3 25. Qxd3 Bxd3 26. Be4 Ba6 27. Kg2 Kg8 28. Rxc8 Rxc8 29. f4 Bd4 30. f5 Rf8 31. Bh6 Re8 32. fxg6 hxg6 33. Bf4 Bc3 34. Rc1 Rxe4 35. Kf3 Rxf4+ 0-1

[Event "Zaporozhye Ermak Cup 7th"]
[Site "Zaporozhye"]
[Date "2011.06.29"]
[Round "6"]
[White "Derevianchenko, Ilia"]
[Black "Ziatdinov, Raset"]
[Result "0-1"]
[WhiteElo "2232"]
[BlackElo "2425"]
[PlyCount "52"]
[EventDate "2011.06.25"]
[EventType "swiss"]
[EventRounds "9"]
[EventCountry "UKR"]
[SourceTitle "CBM 143 Extra"]
[Source "ChessBase"]
[SourceDate "2011.08.29"]
[SourceVersion "1"]
[SourceVersionDate "2011.08.29"]
[SourceQuality "1"]

1. d4 d5 2. c4 e6 3. Nf3 Nf6 4. Nc3 Be7 5. Bg5 0-0 6. e3 Nbd7 7. c5 c6 8. b4 a5 9. b5 e5 10. Bxf6 Bxf6 11. Be2 exd4 12. exd4 Nxc5 13. bxc6 bxc6 14. 0-0 Ne4 15. Qc2 Re8 16. Bd3 Ba6 17. Nxe4 dxe4 18. Bxe4 Bxf1 19. Rxf1 Rc8 20. Bxc6 Qd6 21. d5 Qxd5 22. Qxh7+ Kxh7 23. Bxd5 Kg8 24. g4 Rc5 25. Rd1 Rd8 26. g5 Bxg5 0-1

[Event "UKR-chT Clubs"]
[Site "Alushta"]
[Date "2011.05.19"]
[Round "7.4"]
[White "Derevianchenko, Ilia"]
[Black "Pastukhov, Igor"]
[Result "1/2-1/2"]
[WhiteElo "2232"]
[BlackElo "2265"]
[PlyCount "108"]
[EventDate "2011.05.13"]
[EventType "team-tourn"]
[EventRounds "9"]
[EventCountry "UKR"]
[SourceTitle "CBM 142 Extra"]
[Source "ChessBase"]
[SourceDate "2011.06.27"]
[SourceVersion "1"]
[SourceVersionDate "2011.06.27"]
[SourceQuality "1"]
[WhiteTeam "Lugansk"]
[BlackTeam "Podillya Region"]
[WhiteTeamCountry "UKR"]
[BlackTeamCountry "UKR"]

1. e4 e5 2. Nf3 Nc6 3. Bb5 a6 4. Ba4 Nf6 5. 0-0 Be7 6. Re1 b5 7. Bb3 d6 8. c3 0-0 9. h3 Nb8 10. d4 Nbd7 11. Nbd2 Bb7 12. Bc2 Re8 13. Nf1 Bf8 14. Ng3 g6 15. Nh2 d5 16. dxe5 Nxe4 17. Nxe4 dxe4 18. Bxe4 Bxe4 19. Rxe4 Nxe5 20. Qxd8 Raxd8 21. Bg5 Nd3 22. Bxd8 Rxe4 23. Ng4 Re2 24. a4 f5 25. Nf6+ Kf7 26. axb5 axb5 27. Nxh7 Bd6 28. Ng5+ Kg7 29. b4 Re8 30. g3 f4 31. Rd1 Nb2 32. Rd5 fxg3 33. fxg3 Re3 34. Kf2 Rxc3 35. Ne4 Rd3 36. Bf6+ Kf7 37. Rxb5 Nc4 38. Bh4 Ne5 39. Rb7 Ke6 40. Nc5+ Bxc5+ 41. bxc5 Kf5 42. g4+ Ke4 43. Rxc7 Rxh3 44. Bg3 Nxg4+ 45. Kg2 Rh5 46. c6 Ne3+ 47. Kf2 Nf5 48. Rc8 Nxg3 49. c7 Re5 50. Kxg3 Re7 51. Kh4 Ke5 52. Kg5 Kd6 53. Kxg6 Rxc7 54. Rxc7 Kxc7 1/2-1/2

[Event "UKR-chT Clubs"]
[Site "Alushta"]
[Date "2011.05.17"]
[Round "5.4"]
[White "Derevianchenko, Ilia"]
[Black "Aveskulov, Valeriy"]
[Result "1/2-1/2"]
[WhiteElo "2232"]
[BlackElo "2526"]
[PlyCount "92"]
[EventDate "2011.05.13"]
[EventType "team-tourn"]
[EventRounds "9"]
[EventCountry "UKR"]
[SourceTitle "CBM 142 Extra"]
[Source "ChessBase"]
[SourceDate "2011.06.27"]
[SourceVersion "1"]
[SourceVersionDate "2011.06.27"]
[SourceQuality "1"]
[WhiteTeam "Lugansk"]
[BlackTeam "Kharkov Law Academy"]
[WhiteTeamCountry "UKR"]
[BlackTeamCountry "UKR"]

1. e4 c5 2. Nf3 d6 3. d4 Nf6 4. Nc3 cxd4 5. Nxd4 a6 6. Bg5 e6 7. Qe2 Nbd7 8. f4 Qc7 9. 0-0-0 Be7 10. g3 h6 11. Bh4 b5 12. Bg2 b4 13. e5 dxe5 14. fxe5 Nxe5 15. Ne4 Bb7 16. Nxf6+ gxf6 17. Bxb7 Qxb7 18. Rhf1 0-0-0 19. Bxf6 Bxf6 20. Rxf6 Rd5 21. Nf3 Rxd1+ 22. Qxd1 Rd8 23. Qe2 Nxf3 24. Qxf3 Qxf3 25. Rxf3 f5 26. Rf4 a5 27. Rh4 Rh8 28. Kd2 Kd7 29. g4 Ke7 30. gxf5 exf5 31. Ke3 Kf6 32. Rc4 Rg8 33. Kf3 Rg1 34. Rc5 Rf1+ 35. Kg3 Rg1+ 36. Kf3 Rf1+ 37. Kg3 Rb1 38. Kf4 Kg6 39. b3 Rh1 40. Rxa5 Rxh2 41. Ra6+ Kh5 42. Rc6 Rf2+ 43. Kg3 Re2 44. Kf4 Rf2+ 45. Kg3 Rd2 46. Kf4 Rf2+ 1/2-1/2

[Event "UKR-ch U16"]
[Site "Lugansk"]
[Date "2010.03.30"]
[Round "10"]
[White "Derevianchenko, Ilia"]
[Black "Kigel, Dmytro"]
[Result "0-1"]
[WhiteElo "2074"]
[BlackElo "2050"]
[PlyCount "126"]
[EventDate "2010.03.23"]
[EventType "tourn"]
[EventRounds "11"]
[EventCountry "UKR"]
[SourceTitle "CBM 135 Extra"]
[Source "ChessBase"]
[SourceDate "2010.05.04"]
[SourceVersion "1"]
[SourceVersionDate "2010.05.04"]
[SourceQuality "1"]

1. e4 Nc6 2. d4 d5 3. Nc3 Nf6 4. e5 Nd7 5. Nf3 Nb6 6. g3 Bg4 7. Bg2 e6 8. Ne2 Be7 9. 0-0 0-0 10. h3 Bf5 11. c3 Be4 12. Nf4 Na5 13. h4 c5 14. Ng5 Bxg5 15. hxg5 cxd4 16. cxd4 Bg6 17. Nxg6 fxg6 18. b3 Nc6 19. Ba3 Re8 20. Qd2 Nd7 21. Rac1 Qb6 22. Rfd1 a5 23. Bf1 Nb4 24. Qe2 Rec8 25. Qb5 Qxb5 26. Bxb5 Nf8 27. Bxb4 axb4 28. Ba4 Kf7 29. Rc5 Rxc5 30. dxc5 Rc8 31. Rd4 Rxc5 32. Rxb4 Rc7 33. Kf1 h6 34. Ke2 Nh7 35. Rf4+ Ke7 36. gxh6 gxh6 37. Kd3 g5 38. Rf3 h5 39. Re3 Rc1 40. Bb5 g4 41. f4 gxf3 42. Rxf3 Ng5 43. Re3 Ne4 44. a4 Rc3+ 45. Kd4 Rxe3 46. Kxe3 Nxg3 47. Kf4 Nf5 48. Bd3 h4 49. Kg4 Nd4 50. Kxh4 Nf3+ 51. Kg3 Nxe5 52. Be2 Kd6 53. Kf4 Nc6 54. Ke3 e5 55. Kd3 e4+ 56. Kc3 Kc5 57. Bg4 d4+ 58. Kc2 d3+ 59. Kc3 Nb4 60. a5 Nd5+ 61. Kd2 Kd4 62. Bd1 e3+ 63. Ke1 Nc3 0-1

[Event "UKR-ch U16"]
[Site "Lugansk"]
[Date "2010.03.25"]
[Round "2"]
[White "Boldysh, Maxim"]
[Black "Derevianchenko, Ilia"]
[Result "0-1"]
[WhiteElo "2118"]
[BlackElo "2074"]
[PlyCount "144"]
[EventDate "2010.03.23"]
[EventType "tourn"]
[EventRounds "11"]
[EventCountry "UKR"]
[SourceTitle "CBM 135 Extra"]
[Source "ChessBase"]
[SourceDate "2010.05.04"]
[SourceVersion "1"]
[SourceVersionDate "2010.05.04"]
[SourceQuality "1"]

1. e4 c5 2. Nf3 Nc6 3. d4 cxd4 4. Nxd4 Nf6 5. Nc3 e6 6. Nxc6 bxc6 7. e5 Nd5 8. Ne4 Qc7 9. f4 Qb6 10. c4 Bb4+ 11. Ke2 f5 12. exf6 Nxf6 13. Be3 Qa5 14. Nxf6+ gxf6 15. Kf2 Ke7 16. a3 Bc5 17. b4 Bxe3+ 18. Kxe3 Qc7 19. c5 a5 20. Qg4 Rf8 21. Be2 Ba6 22. Bxa6 Rxa6 23. Rhd1 Qa7 24. Rab1 axb4 25. axb4 Ra2 26. Rd3 Ra3 27. Rbd1 d6 28. Kf2 Rxd3 29. Rxd3 dxc5 30. bxc5 Qxc5+ 31. Kg3 Qc2 32. Re3 Qc4 33. Ra3 Qd4 34. Rb3 Qd7 35. h3 c5 36. Qh5 Qd5 37. Qxh7+ Rf7 38. Qc2 Rg7+ 39. Kh2 Rxg2+ 40. Qxg2 Qxb3 41. Qg7+ Kd6 42. Qxf6 Qe3 43. Qd8+ Kc6 44. Qa8+ Kb5 45. Qb7+ Kc4 46. Qa6+ Kd4 47. Qa1+ Ke4 48. Kg2 Qf3+ 49. Kg1 Qg3+ 50. Kh1 Qxh3+ 51. Kg1 Qg3+ 52. Kh1 Qxf4 53. Qb1+ Kf3 54. Qf1+ Kg4 55. Qg1+ Kh3 56. Qe3+ Kg4 57. Qxe6+ Kf3 58. Qh3+ Ke2 59. Qg2+ Kd3 60. Qg3+ Qe3 61. Qd6+ Kc2 62. Qg6+ Kc1 63. Qf5 Qe1+ 64. Kh2 Qe2+ 65. Kg3 c4 66. Qa5 Qd3+ 67. Kg4 c3 68. Kh5 c2 69. Qa1+ Kd2 70. Qa5+ Kd1 71. Qa4 Ke2 72. Qe8+ Kd2 0-1

[Event "UKR-ch U16"]
[Site "Lugansk"]
[Date "2010.03.23"]
[Round "1"]
[White "Derevianchenko, Ilia"]
[Black "Starozhilov, Leonid"]
[Result "1/2-1/2"]
[WhiteElo "2074"]
[BlackElo "2087"]
[PlyCount "90"]
[EventDate "2010.03.23"]
[EventType "tourn"]
[EventRounds "11"]
[EventCountry "UKR"]
[SourceTitle "CBM 135 Extra"]
[Source "ChessBase"]
[SourceDate "2010.05.04"]
[SourceVersion "1"]
[SourceVersionDate "2010.05.04"]
[SourceQuality "1"]

1. e4 c5 2. Nf3 d6 3. d4 cxd4 4. Nxd4 Nf6 5. Nc3 g6 6. Be3 Bg7 7. f3 Nc6 8. Qd2 0-0 9. Bc4 Qa5 10. 0-0-0 Bd7 11. Bb3 Ne5 12. Bh6 Rfc8 13. Bxg7 Kxg7 14. Nd5 Qxd2+ 15. Rxd2 Nxd5 16. exd5 a5 17. a4 Rc5 18. f4 Ng4 19. Re1 Re8 20. Rde2 Nf6 21. Rxe7 Rxe7 22. Rxe7 Kf8 23. Re1 Nxd5 24. Ne2 Be6 25. Bxd5 Bxd5 26. g3 Bc6 27. b3 h6 28. Nd4 Bd7 29. Kd2 g5 30. fxg5 hxg5 31. h4 Re5 32. Nf3 Rd5+ 33. Ke3 gxh4 34. c4 Rh5 35. gxh4 Bc6 36. Rd1 Ke7 37. Rd4 Rh6 38. Rf4 Re6+ 39. Kd4 Rg6 40. Nd2 Rg3 41. c5 dxc5+ 42. Kxc5 Ke6 43. Nc4 Rxb3 44. Nxa5 b6+ 45. Kxc6 bxa5 1/2-1/2